French kiss-Black M - Statistiques

Statistiques générales
  • Ce quiz a été pris 62 fois
  • Le résultat moyen est 227 sur 314
Statistiques - réponses
Réponse % Correct
french
100%
kiss
100%
un
100%
beaucoup
98%
du
98%
je
98%
98%
la
98%
pas
98%
peu
98%
tout
98%
à
95%
folie
93%
passionnément
93%
l'aime
91%
de
84%
le
84%
les
81%
tu
79%
que
74%
te
72%
il
70%
ma
67%
toi
67%
ce
65%
est
65%
faut
65%
pour
65%
et
63%
sous
63%
veux
63%
doute
60%
ne
60%
sentiments
60%
ton
60%
une
60%
arrête
58%
même
58%
mon
58%
tes
58%
t'es
58%
toit
58%
au
56%
avouer
56%
ba
56%
brisé
56%
c'est
56%
coeur
56%
dégoûte
56%
dire
56%
fierté
56%
font
56%
ils
56%
mais
56%
trop
56%
amour
53%
douter
53%
en
53%
fautif
53%
jouer
53%
ouais
53%
qu'elle
53%
sottises
53%
suis
53%
ça
51%
copine
51%
disent
51%
dix
51%
dramatiser
51%
l'aimes
51%
mirroir
51%
perdue
51%
pire
51%
qu'il
51%
qu'ils
51%
retrouver
51%
t'as
51%
tous
51%
celle
49%
croire
49%
dégouttent
49%
l'homme
49%
sais
49%
sûr
49%
toutes
49%
besoin
47%
d'y
47%
face
47%
femmes
47%
l'espoir
47%
n'es
47%
partir
47%
quand
47%
sont
47%
soupires
47%
suffit
47%
d'amour
44%
envouté
44%
fait
44%
frérots
44%
hommes
44%
jamais
44%
laisse-le
44%
l'histoire
44%
parler
44%
refais
44%
regarde
44%
seul
44%
dans
42%
gava
42%
vois
42%
complètement
40%
coûté
40%
j'te
40%
maintenant
40%
résonne
40%
retrouvées
40%
t'inquiètes
40%
va
40%
comment
37%
oh
37%
vis
37%
sous-titre
35%
tise
35%
peux
30%
recommencer
30%
certaines
28%
choses
28%
oublie-la
28%
y'a
28%
goûter
21%
hein
16%
Aucun quiz correspondant
Distribution des résultats
% des personnes avec chaque résultat
Percentile par nombre de réponses
Votre historique - résultats
Vous n’avez pas pris ce quiz